000 00727nam a22002297a 4500
001 29618
003 UA-OsUOA
005 20220701231829.0
007 ta
008 20041015b un ||||| |||| 00| 0 ukr d
040 _aUA-OsUOA
_bukr
_cUA-OsUOA
_dUA-OsUOA
041 _aukr
044 _aUA
080 _a8.09(477)
090 _a8.09(477)
_bТ28
245 _aТворческий мир писателя: литературно-критические материалы о творчестве украинских советских писателей
_cсост. М. К. Наенко
260 _aКиев
_bРадянська школа
_c1982
300 _a271 с.
650 7 _2UDC
942 _cBK
_2udc
955 _a0
999 _c316011
_d316011